Länder nach ersten 4 Endbuchstaben in 600 Sekunden - Statistiken

Allgemein
  • Dieses Quiz wurde 26 mal gespielt
  • Das Durchschnittsergebnis liegt bei 124 aus 196
Antworten auf der Karte
Die Antworten werden auf der Karte rot bzw. grün angezeigt, abhängig davon wie oft sie richtig erraten wurden.
 
Antwortstatistiken
Land % Korrekt
Australien
95%
Brasilien
95%
Deutschland
95%
Lettland
95%
Estland
95%
Finnland
95%
Griechenland
95%
Irland
95%
Island
95%
Italien
95%
Neuseeland
95%
Russland
95%
Thailand
95%
Afghanistan
90%
China
90%
Frankreich
90%
Indien
90%
Kasachstan
90%
Kirgisistan
90%
Österreich
90%
Pakistan
90%
Tadschikistan
90%
Turkmenistan
90%
Usbekistan
90%
Grenada
85%
Kanada
85%
Norwegen
85%
Polen
85%
Albanien
80%
Algerien
80%
Argentinien
80%
Armenien
80%
Bosnien und Herzegowina
80%
Bulgarien
80%
Grossbritannien
80%
Irak
80%
Iran
80%
Japan
80%
Jordanien
80%
Mauretanien
80%
Mexiko
80%
Mongolei
80%
Niederlande
80%
Nordmazedonien
80%
Oman
80%
Rumänien
80%
Schweden
80%
Slowenien
80%
Spanien
80%
Syrien
80%
Belarus
75%
Belgien
75%
Dänemark
75%
Georgien
75%
Indonesien
75%
Kolumbien
75%
Libyen
75%
Marokko
75%
Mikronesien
75%
Portugal
75%
Saudi-Arabien
75%
Serbien
75%
Südafrika
75%
Tschechien
75%
Tunesien
75%
Türkei
75%
Ägypten
70%
Äquatorialguinea
70%
Äthiopien
70%
Chile
70%
Madagaskar
70%
Guinea
70%
Jemen
70%
Laos
70%
Litauen
70%
Namibia
70%
Nordkorea
70%
Papua-Neuguinea
70%
Peru
70%
Schweiz
70%
Südkorea
70%
Ukraine
70%
Vereinigte Staaten
70%
Vietnam
70%
Bolivien
65%
Demokratische Republik Kongo
65%
Kenia
65%
Kuba
65%
Malaysia
65%
Moldau
65%
Panama
65%
Paraguay
65%
Philippinen
65%
Republik Kongo
65%
Ruanda
65%
Saint Vincent und die Grenadinen
65%
Slowakei
65%
Sudan
65%
Südsudan
65%
Togo
65%
Tschad
65%
Uganda
65%
Uruguay
65%
Angola
60%
Aserbaidschan
60%
Costa Rica
60%
Ecuador
60%
Elfenbeinküste
60%
El Salvador
60%
Kambodscha
60%
Kamerun
60%
Mali
60%
Myanmar
60%
Nepal
60%
Simbabwe
60%
Somalia
60%
Tansania
60%
Ungarn
60%
Venezuela
60%
Bahamas
55%
Belize
55%
Botswana
55%
Gabun
55%
Gambia
55%
Eritrea
55%
Guyana
55%
Jamaika
55%
Kosovo
55%
Kroatien
55%
Lesotho
55%
Liberia
55%
Malawi
55%
Mosambik
55%
Nauru
55%
Nicaragua
55%
Niger
55%
Nigeria
55%
Sambia
55%
Senegal
55%
Sri Lanka
55%
Surinam
55%
Vereinigte Arabische Emirate
55%
Benin
50%
Bhutan
50%
Burkina Faso
50%
Dominikanische Republik
50%
Ghana
50%
Guatemala
50%
Honduras
50%
Kap Verde
50%
Katar
50%
Luxemburg
50%
Taiwan
50%
Zentralafrikanische Republik
50%
Bangladesch
45%
Dschibuti
45%
Eswatini
45%
Haiti
45%
Israel
45%
Kuwait
45%
Malediven
45%
Mauritius
45%
São Tomé und Príncipe
45%
Sierra Leone
45%
Tonga
45%
Vanuatu
45%
Burundi
40%
Fidschi
40%
Guinea-Bissau
40%
Kiribati
40%
Komoren
40%
Libanon
40%
Marshallinseln
40%
Montenegro
40%
Palau
40%
Samoa
40%
Seychellen
40%
Tuvalu
40%
Zypern
40%
Andorra
35%
Liechtenstein
35%
Osttimor
35%
Salomonen
35%
Singapur
35%
Bahrain
30%
Brunei
30%
Dominica
30%
Malta
30%
Trinidad und Tobago
30%
Barbados
25%
Monaco
25%
Saint Kitts und Nevis
25%
Saint Lucia
25%
San Marino
25%
Vatikanstadt
25%
Antigua und Barbuda
20%
Keine übereinstimmenden Quizze gefunden
Verteilung der Resultate
Anzahl Personen mit jedem Resultat
Perzentil nach korrekt beantworteten Fragen
Ihre Resultats-Entwicklung
Sie haben dieses Quiz noch nicht gespielt